[Event "Sao Paulo"]
[Site "Sao Paulo BRA"]
[Date "1979.??.??"]
[Round "?"]
[White "Andersson, Ulf"]
[Black "Segal, Alexandru Sorin"]
[Result "1-0"]
[WhiteElo "2560"]
[BlackElo "2400"]
[EventDate "1979.02.??"]
[EventType "tourn"]
[EventRounds "13"]
[EventCountry "BRA"]
[EventCategory "10"]
[Source "ChessBase"]
[SourceDate "1997.11.17"]
[BlackTeamCountry "CUB"]

1. Nf3 Nf6 2. c4 b6 3. g3 Bb7 4. Bg2 c5 5. O-O e6 6. Nc3 Be7 7. d4 cxd4 8.
 Qxd4 d6 9. b3 D O-O?! {Pro cerneho je rochada nepresnost v usporadani 
Jezka (Hedgehog), jelikoz muze se rychle byt doncen reagovat na Rd1 a Ba3 
pomoci blokovani diagonaly tahem ...Nbd7-c5. Cerny nedokaze nyni hrat toto
jelikoz bude take postradat tah  ...a6 aby zabranil Nb5.  V nasledoujici 
partii z 2001 cerny hral silneji. ... Nbd7 a potom ... a6, coz nabizi 
lepsi sance na vyrovnani. } ( 9. ... Nbd7 10. Rd1 a6 11. Ng5 Bxg2 12. Kxg2
Qc7 13. Nge4 Nxe4 14. Nxe4 O-O 15. Ba3 Qc6 16. f3 Nc5 17. Bb2 f6 18. Nf2 
Rf7 19. Rac1 f5 20. Rc2 Rd8 21. Qe3 Bf6 22. b4 Qa4 23. Bxf6 Rxf6 24. Rb2 
Nb7 25. Qxb6 {1-0 Andersson, Ulf (2640) - Szmetan, Jorge (2394) / Pinamar 
Masters 1st (10), Pinamar ARG 2001} ) 10. Rd1 a6 11. Ba3 Nc6 ( 11. ... Ne8
12. Ne4 Bxe4 13. Qxe4 Ra7 14. Qe3 Nf6 15. Nd4 +/- {Stohl-Kober, Opatija 
1995} ) 12. Qf4 d5 ( 12. ... Ne8 13. Ne4 += ) 13. cxd5 exd5 ( 13. ... Nxd5
14. Nxd5 Bxa3 15. Nc7 e5 16. Rxd8 exf4 17. Rxa8 Bxa8 18. gxf4 Bb7 19. Rd1 
+/- ) 14. Bxe7 Qxe7 D {Vznikla pozice pro cerneho strategicky velmi 
nevyhodna s izolovanym pescem. Napriklad v Tarraschove variante damskeho 
gambitu lehke figury obsazuji ruzne pozice, ze kterych mohou napriklad 
vytvaret jistou protihru na sloupci e. Co nejvice chyb i cerne pozici je 
ze vymenil cernopolneho strelce a tudiz je slabina na techto polich. 
Zvlaste pole d4 je dulezite pro strategicke duvody, jelikoz izolovany 
pesec bude spolehlive blokovan a strelec na b7 se stane pouhy divak. Bily 
vyuziva svou vyhodu klasickym stylem. } ( 14. ... Nxe7 15. Nd4 +/- ) 15. 
Nh4 Rad8 16. Nf5 Qe6 17. Rac1 g6 18. Nd4 Nxd4 19. Qxd4 Rc8 D {Jak muizue 
bily dale zlepsit svou jasnou vyhodu? } 20. Na4! +/- {S timto tahem bily 
exponuje dalsi slabinu v pozici cerneho. } 20. ... Rxc1 ( 20. ... Rc6 21. 
Rxc6 Bxc6 22. Nxb6 Qxe2 23. Bf1 Qf3 24. Bxa6 +/- ) 21. Rxc1 Nd7 ( 21. ... 
b5 22. Nc5 Qb6 23. b4 ) 22. e3 b5 ( 22. ... Qd6 23. e4 Rd8 24. Rd1 +/- ) 
23. Nc5 {Tah 20.Na4 dokazal svou cenu. Bily nyni zbavi cerneho nejlepsiho 
obrance, jmenovite jezdce, a tim zajisti kontrolu na c-sloupci a cernych 
polich. Dale pesec d zustava pod silnym tlakem. } 23. ... Nxc5 24. Rxc5 
Rc8 {Cerny se pokousi udelat bilemu technicke problemy v  damske koncovce 
bez pesce. Po } ( 24. ... Rd8 25. Rc7 Ba8 26. b4 +/- {Bily je kompletne 
dominantni v pozici. } ) 25. Rxc8+ Qxc8 26. Bxd5 Bxd5 27. Qxd5 Qc1+ {
Nejpruznejsi obranne usporadani by bylo 27...h5 } 28. Kg2 Qa3 29. Qd8+ Kg7
30. Qd2 a5? {Docasne vaze damu k pescum a nechava bilem svobodu akci na 
kralov. kridle. Ale tah je pochopitelny, jelikoz bily hrozil 31.b4 
odrezavajici cernou damu na damskem kridle. Musel by hrat 30...Qe7 aby 
udrzel damu ve hre. Cerny nyni ma stezi sanci osvobodit damu, jelikoz a5 
pesec zustava visici po jakemkoli tahu damou, jelikoz po ...a4 tah b3-b4 
definitivne uzavira damu a po .... b4 bily hraje Qc2 a vice ci mene patuje
souperovu damu. } 31. g4! {Protoze cerny opominul 27...h5, bily rozsiruje 
svou formaci na kral. kridle a hrozi fixovat pesce kral. kridla s 32.g5. 
Dalsi idea je prolomit pozici tahem f4-f5.  } 31. ... h6 32. Kf3! {Nez 
bily postoupi dopredu s pesci kral. kridla nebo vytvori takticke hrozby, 
nejdrive centralizuje sveho krale. } 32. ... Kg8 ( 32. ... a4? 33. b4 +- )
( 32. ... b4 33. Qc2 +- ) 33. Ke2 Kg7 34. f3 Kg8 35. f4 Kg7 36. Kf3 Kg8 
37. f5! +- D {Tento tah otrasa cerneho obrannym postavenim. Velky problem 
cerneho je pozice damy na a3. Je bezmocny proti iniciative bileho na kral.
kridle. } 37. ... gxf5 ( 37. ... Qe7 38. Qxa5 gxf5 39. gxf5 Qd7 40. Qa8+ 
Kg7 41. Qe4 +- ) 38. gxf5 Kg7 ( 38. ... Qe7 39. Qxa5 Qe5 40. Qd8+ Kh7 41. 
Qd7 Kg8 42. h4 +- ) 39. Qd4+ f6 ( 39. ... Kh7 40. Qd5 Kg7 41. Qe5+ Kh7 42.
 f6 +- ) 40. Qd7+ Kg8 ( 40. ... Kf8 41. Qxb5 Qxa2 42. Qb8+ Kf7 43. Qc7+ 
Kf8 44. Qd8+ Kf7 45. Qd7+ Kf8 46. Qd6+ Kf7 47. Qe6+ Kg7 48. Qe7+ Kg8 49. 
Qe8+ Kg7 50. Qg6+ +-- ) 41. Qe8+ {Cerny vzdal protoze po 42.Qg6+ bily 
ziska oba pesce se sachem. } 1-0

[Event "Reggio Emilia-A 8586 28th"]
[Site "Reggio Emilia ITA"]
[Date "1985.??.??"]
[Round "9"]
[White "Andersson, Ulf"]
[Black "Portisch, Lajos"]
[Result "1-0"]
[WhiteElo "2575"]
[BlackElo "2635"]
[EventDate "1985.12.??"]
[PlyCount "101"]
[EventType "tourn"]
[EventRounds "11"]
[EventCountry "ITA"]
[EventCategory "13"]
[Source "ChessBase"]
[SourceDate "1999.07.01"]
[WhiteTeamCountry "GER"]
[BlackTeamCountry "GER"]

1. Nf3 Nf6 2. c4 c5 3. g3 d5 4. cxd5 Nxd5 5. Bg2 Nc6 6. d4 Nf6 7. Qa4 Bd7 
8. dxc5 e5 9. O-O Bxc5 10. Nc3 h6 11. Nd2 O-O 12. Nde4 Nxe4 13. Qxe4 Be6 
14. Rd1 Qf6 15. Be3 Bd4 16. Bxd4 exd4 17. Nd5 Bxd5 18. Qxd5 {str 76  
Andersson smeroval specialne k teto pozici aby mohl oblehat slabeho 
izolovaneho pesce na d4. Bileho hlavni vyhoda je silny fianketovany 
strelec na g2 ktery vyviji tlak na diagonale a ktery muze pokud je 
nezbytne byt vymenen. Cerneho sance na druhe strane jsou na sloupci e. } 
18. ... Rae8 19. Rd2 Re7 20. Rad1 Rfe8 {Obe strany postavily nejlepsi 
moznou pozici. Bileho plan je nyni ziskat prostor na damskem kridle pomoci
b2-b4} 21. Qc4 Na5 22. Qd3 ( 22. Qxd4 Qxd4 23. Rxd4 Rxe2 24. Rd7 Re1+ 25. 
Bf1 Rxd1 26. Rxd1 Nc6 = ) 22. ... Qb6 23. Rc1 Nc6 24. a3 Re5?! {Tady by 
lepsi obranna moznost byl tah 24...a5. V tom pripade by bylo pro bileho 
mnohem tezssi udelat pokrok na damskem kridle. Ale i potom bileho pozice 
je lepsi. Mozny plan by mohl byt Kf1 a potom Qc4-c5. } 25. b4 R8e6 26. Rc4
g6 D {Bily dosahl sveho cile. Izolovany pesec d4 je jiz mozne vzit. Jak 
byste pokracovali? } 27. Kf1! +/- {Bily hraje s velkou obezretnosti. 
Prekryva e2 a muze nyni spolknout pesce d4 kdykoli si bude prat. Okamzite 
27.Bxc6 necha cernemu protisance:} ( 27. Bxc6 bxc6 28. Rxd4 Rxe2 29. Rxe2 
Rxe2 += ) 27. ... Qa6 28. Bxc6 Rxc6 29. Rxd4 Rc1+ 30. Kg2 Qc6+ 31. Qf3 {
Bile ma pesce navic, ale je dobre znamo, ze se musi velke technicke 
problemy prekonavat kdyz jsou na sachovnici tezke figury. } 31. ... Rc3 
32. R2d3 Rxd3 33. exd3! {Bily zajistuje volneho pesce a pesec e mizi z 
linie boje veze. Po: } ( 33. Rxd3 Rxe2 34. Qxc6 bxc6 35. Rd7 a5 36. bxa5 
Re5 37. a6 Ra5 38. a7 Kg7 {ma cerny remizove sance. } ) 33. ... Re1 ( 
33. ... Qb6 34. Rd7 Rf5 35. Rxb7 Rxf3 36. Rxb6 Rxd3 37. Ra6 +-- ) 34. Qxc6
bxc6 35. a4 Rb1 ( 35. ... Kf8 36. Rc4 Re6 37. Kf3 Rd6 38. Ke3 Ke7 39. Rc5 
Kd8 40. d4 h5 41. f4 Re6+ 42. Kd3 Rd6 43. Kc4 Ke7 44. Ra5 Rd7 45. Ra6 Rc7 
46. Kc5 Kd7 47. h3 f6 48. h4 f5 49. a5 +-- {a zugzwang rozhoduje..} ) 36. 
Kf3 Kf8 37. Rc4 Ke8 D {Najdete slibne poradi tahu ve vezove koncovce a 
vyhravajici plan. } 38. Rxc6! {Instruktivni moment vezove koncovky. 
38.Rxc6 a potom 39. Ra6 nuti cerneho prijmout pasivni pozice veze. Bily 
kontroluje 6 radu a vice prostoru. } 38. ... Rxb4 39. Ra6 Rb7 40. g4! D {
Dulezity tah. Bily brani obrannemu postaveni s ...h5 a hrozi h4-h5. Jestli
intenzivne prostudujete partie v knize, uvedomite si ze Andersson ma tento
tah rad v podobne konstelaci figur. .} 40. ... Rb4 41. h3 ( 41. Rxa7 Rd4 
42. a5 Rxd3+ 43. Ke4 Rd2 44. a6 Ra2 45. Kd5 Kf8 46. Kc6 Rxf2 47. Rc7 Rxh2 
48. a7 Ra2 49. Rc8+ Kg7 50. a8=Q Rxa8 51. Rxa8 Kf6 52. Ra5 +-- ) 41. ... 
h5 {Cerny zoufale hleda protihru a chce aktivovat vez za cenu slabiny 
pesce. } ( 41. ... Rd4 42. Ke3 Rd7 43. h4 Kf8 44. d4 +-- ) 42. gxh5 gxh5 
43. Rxa7 Rh4 44. a5 Rxh3+ 45. Ke4 Rh1 46. a6 Ra1 {Cerny musi se dostat za 
pesce, jinak Ra8 a potom a7 by znamenalo okamzitou porazku. } 47. Kf5 h4 (
47. ... Ra5+ 48. Kf6 h4 49. Re7+ Kd8 ( 49. ... Kf8 50. Rxf7+ Kg8 51. Rg7+ 
Kh8 52. Rg4 Rxa6+ 53. Kg5 +-- ) 50. a7 h3 51. Rxf7 h2 52. Rh7 +-- ) 48. 
Kg4 Ra4+ 49. f4 Kd8 ( 49. ... h3 50. Kxh3 Rxf4 51. Rb7 +-- ) 50. d4! D {
Nejpresnejsi cesta k vyhre. D pesec je tabu a oba cerni pesci jsou visici.
Cerny je ztracen. } 50. ... Ke8 ( 50. ... Rxd4 51. Rxf7 +-- ) ( 50. ... 
Kc8 51. Kxh4 f6 52. Kg4 Kb8 53. Rb7+ Ka8 54. Rb6 +-- ) 51. Kxh4 ( 51. Kxh4
Kf8 ( 51. ... Rxd4 52. Rb7 +-- ) 52. d5 Rxf4+ 53. Kg5 Rd4 54. Kf6 Rf4+ 55.
 Ke5 Ra4 ( 55. ... Rf1 56. Rb7 Kg7 57. a7 Ra1 58. d6 +-- ) 56. d6 Ke8 57. 
Re7+ Kd8 58. a7 +-- ) 1-0

[Event "Pula zt"]
[Site "Pula CRO"]
[Date "1975.11.06"]
[Round "Dvojice strelcu"]
[White "Andersson, Ulf"]
[Black "Hazai, Laszlo"]
[Result "1-0"]
[WhiteElo "2565"]
[BlackElo "2420"]
[EventDate "1975.10.??"]
[PlyCount "79"]
[EventType "tourn"]
[EventRounds "15"]
[EventCountry "YUG"]
[EventCategory "7"]
[Source "ChessBase"]
[SourceDate "1999.07.01"]
[WhiteTeamCountry "FRA"]
[BlackTeamCountry "GER"]

{str. 80} 
1. Nf3 g6 2. e4 Bg7 3. d4 d6 4. Be2 Nf6 5. Nc3 O-O 6. O-O Bg4 7. Be3 Nc6 
8. Qd2 e5! D {Vymenou na e5 Andersson dosahuje pozici kde cerny musi 
bojovat s velkou presnosi aby dosahl vyrovnani. Po 9.d5 Ne7 10.Rad1 bychom
meli pokracovani doporucovane teorii, ktera ponechava cerneho s dynamickou
rovnovahou po 10...Bd7. Pokracovani v textu je jedno ktere je preferovano 
technicky orientovanymi hraci.} 9. dxe5 dxe5 10. Rad1 Qc8 {Alternativa 
byla 10...Qe7, po cemz Andersson ziskal mirnou vyhodu v koncovce pomoci 
obsazovani d-sloupce v partii s Anandem, ale v teto partii proti 
Meckingovi take kontroloval centrum a d-sloupec: } ( 10. ... Qe7 11. Bg5 
Bxf3 12. Bxf3 Nd4 13. Nd5 Qd6 14. c3 Nxf3+ 15. gxf3 Nxd5 16. Qxd5 Qa6 17. 
Kg2 Rab8 18. b4 Bf6 19. Be3 Rfd8 20. Qc5 Qxa2 {1-0(42) Andersson, Ulf 
(2510) - Mecking, Henrique (2540) / Wijk aan Zee (1), Wijk aan Zee NED 
1971} ) ( 10. ... Qe7 11. Bg5 Bxf3 12. Bxf3 Nd4 13. Nd5 Qd6 14. c3 Nxf3+ 
15. gxf3 Nxd5 16. Qxd5 Qxd5 17. Rxd5 f6 18. Be3 Rf7 19. Rfd1 b6 20. a4 f5 
{1-0(65) Andersson, Ulf (2630) - Anand, Viswanathan (2610) / Novi Sad ol 
(Men) (9), Novi Sad YUG 1990} ) 11. Qc1 Rd8 12. Rxd8+ Qxd8 ( 12. ... Nxd8
!? {Je zajimava alternativa. Jezdec je preveden zpatky do hry pres e6, po 
cemz cerny ma dobre sance na vyrovnani: } 13. h3 Bxf3 14. Bxf3 c6 15. Rd1 
Ne6 = ) 13. Rd1 Qf8 14. h3! {Bily zajistuje dvojici strelcu.} 14. ... Bxf3
15. Bxf3 Rd8 {Cerny by rad uvolnil pozici vymenou, ale bily muze mit 
mirnou vyhodu. } 16. Rxd8 {Ackoli je dokonce silnejsi 16.Nb5, jak hral 
Andersson v dalsi partii proti Qi Jingxuan} ( 16. Nb5 Rc8 17. c3 a6 18. 
Na3 Rd8 19. Rxd8 Qxd8 20. Nc4 Qd3 21. Nd2 Nd7 22. Bd1 Nf8 23. Bc2 Qd7 24. 
Nf3 Ne6 25. g3 Na5 {1-0(57) Andersson, Ulf (2585) - Qi, Jingxuan (2405) / 
Buenos Aires ol (Men) (9), Buenos Aires ARG 1978} ) 16. ... Qxd8 17. Qd1 D
Qxd1+?! {Cerne figury nejsou dobre umisteny pro koncovku lehkych figur. 
17...Nd4 by zabranilo koncovce ktera je mirne horsi pro cerneho a nabizela
sance na vyrovnani. } 18. Bxd1 {Bily ma dvojici strelcu a jeho cernopolny 
strelec je lepe postaven nez jeho souper. Dlouhodobe bily muze nyni ziskat
prostor na damskem kridle postupem pesce a aktivovanim dvojice strelcu. 
Pole na d4 nemuze se udrzet, jelikoz jezdec muze byt zahnan c2-c3. V 
pozici tohoto druhu, kde neni neni predsunute pole pro jezdce, strelci 
jsou lepsi. } 18. ... Nd4 19. f3 D Ne8? {Lepsi pokus je . s mirnou vyhodou
pro bileho. } ( 19. ... a6 20. Na4 ( 20. Nb1 { 21. Nd2  22. Nc4 }) 20. ...
 Nd7 ) 20. Nd5! {S nasledujicimi tahy bily provokuje oslabeni damskeho 
kridla, zvlaste pole b6. } 20. ... c6 ( 20. ... Kf8 21. c3 Nc6 22. Ba4 +/-
) 21. Ne7+ Kf8 22. Nc8 a6 23. c3 Nb5 ( 23. ... Ne6 24. b4 { 25. Bb3 a 
cerny nedosahne stejne vyrovnani.  }) 24. a4 Nbc7 25. Bb3 {Bily ucinil 
vyznamny pokrok. Jezdec je velmi silne postaven na c8, jelikoz brani 
cernemu v aktivaci krale, protoze cerni jezdci jsou velmi pasivne 
postaveny a bily par strelcu vyvbiji silny tlak. } 25. ... Bf6 D {Bily ma 
jasnou pozicni vyhodu v koncovce. Jak muze vyuzit slabiny cerneho na 
damskem kridle? } 26. Nb6! {Cerny jiz nema obranu. Bily hrozi Nc4-a5 nebo 
Nd7- c5 a materialni vyhoda brzy prijde. } 26. ... Ne6 {Cerny by rad 
rozpulil dvojici strelcu. Ale toto ma nevyhodu ze po vymene zbyde konecna 
slabina pescu e5 a e6. } ( 26. ... h5 27. Nc4 Ne6 28. Na5 Nd8 29. Bb6 +/- 
) ( 26. ... Nd6 27. Bc5 Ne8 28. Nc4 Ke7 29. Nxd6 Nxd6 30. Bxf7 +/- ) 27. 
Bxe6 fxe6 28. Bc5+ Kf7 29. Nd7 Kg7 ( 29. ... Nc7 30. Bd6 {zugzwang} ) 30. 
Kf2 Bh4+ 31. g3 Bf6 32. Ke2 Bd8 D {Vzali bxste pesce e5 nebo je lepsi tah?
} 33. Bf2! +- {Nekdy je lepe byt trpelivy. S vymenami v koncovce je vdzdy 
nezbytne byt opatrny a presny. Toto pokracovani je mnohem silnejsi nez } (
33. Nxe5 Bc7 34. f4 Nf6 35. Kf3 Bxe5 36. fxe5 Nd7 {a cerny ma tvrdosijny 
odpor. Po tahu v textu je hrozba jak 34.Nxe5 tak 34. Nc5 } ) 33. ... Bf6 
34. Nc5 Nd6 35. Nxe6+ Kf7 36. Nc5 Bd8 37. b3 Ba5 38. b4 Bc7 39. a5 {Cerne 
damske kridlo bylo fixovano. } 39. ... Bb8 40. Be3! {Bileho zaverecna idea
je pescovy nastup 41. f4 a po 41..exf4 42.Bxf4 a vymene na d6 cerny ztraci
pesce b7. } 1-0

[Event "Hastings 8081"]
[Site "Hastings ENG"]
[Date "1980.??.??"]
[Round "3"]
[White "Andersson, Ulf"]
[Black "Chandler, Murray G"]
[Result "1-0"]
[WhiteElo "2590"]
[BlackElo "2450"]
[EventDate "1980.12.??"]
[PlyCount "119"]
[EventType "tourn"]
[EventRounds "15"]
[EventCountry "ENG"]
[EventCategory "10"]
[Source "ChessBase"]
[SourceDate "1999.07.01"]
[WhiteTeamCountry "SUI"]
[BlackTeamCountry "WLS"]

1. Nf3 Nf6 2. c4 c5 3. g3 d5 4. Bg2 Nc6 5. O-O d4 6. d3 e5 7. e3 Be7 8. 
exd4 exd4 9. Re1 O-O 10. Ne5 Nxe5 11. Rxe5 Bg4 12. Qc2 Bd6 13. Re1 Re8 14.
 Bd2 Qd7 15. Na3 Rxe1+ 16. Rxe1 Re8 17. Rxe8+ Qxe8 18. Bxb7 Qe2 19. Ba5 
Nd7 20. Qxe2 Bxe2 21. Nb5 Bf8 22. Nxa7 Bxd3 23. Bd2 Bxc4 24. a4 Bd6 25. 
Nc6 Kf8 26. a5 Nb8 27. Nxb8 Bxb8 {str. 82 Vzacny pripad dvojice strelcu 
proti dvojici strelcu. Bily ma minimalni vyhodu pro sveho vzdaleneho pesce
na a sloupci, zatimco cerneho volny pesec muze byt zadrzen kralem. } 28. 
b4! {Logicka paka a rozbiji retez pescu. } 28. ... Ba7 {Jak muze bily 
vynutit pozicne zlepseni sve pozice} ( 28. ... cxb4 29. Bxb4+ Ke8 30. Bc5 
d3 31. Be3 Kd7 32. a6 Bb5 33. f4 Bc6 34. Bxc6+ Kxc6 35. Kf2 Bc7 36. Kf3 
Ba5 37. Bd4 +/- ) 29. Bc6! {Cerny musi nyni vymenit na b4, protoze jinak 
dva volni pesci pochoduji po b4-b5. Sach na b4 nutí cerneho zhrosit pozici
krale odchodem na g8, zatimco jeho volny pesec na d4 se stane izolovany a 
bude pozdeji objektem utoku. } 29. ... cxb4 30. Bxb4+ Kg8 31. g4! {Bily 
ziskava prostor a hrozi moznym g5, po cemz cerny by mohl jenom osvobodit 
krale prijetim pescove slabiny. } 31. ... f6 32. Be8 {Toto docasne brani 
krali aktivovat se na f7 } 32. ... g6 33. Kg2 Kg7 34. Bd7 Kf7 35. Kf3 Bd3 
{35....d3 otvira cernemu diagonalu na f2 a dava cernemu aktivnejsi obranne
moznosti. } 36. h4 D h5 {Tento oslabujici tah pescem neni absolutne 
nezbytny. Po } ( 36. ... Ba6 37. Ke4 Bb7+ 38. Kd3 Ba6+ 39. Kd2 += {neni 
snadne pro bileho ziskat vyhodu z lepsi pozice krale. Idea pokroku sestava
v f4-f5 a potom Be6 } ( 39. Kc2? d3+ =+ ) ) 37. gxh5 gxh5 38. Bd6 Bc4 39. 
Bb4 Bd5+ 40. Ke2 Be4 41. Kd2 f5 42. Ke1 {Jako vzdy Andersson hraje velmi 
trpelive a manevruje. Rad by vyprovokoval soupere do osalbeni pescovymi 
tahy. } 42. ... Kf6 43. Bd6! {TOto brani ... Ke5 a kontroluje diagonalu 
h2-b8 } 43. ... d3 44. Bf4 Ke7?! ( 44. ... Bd4 {je lepsi: } 45. Be8 Ke6 
46. Bxh5 Bc3+ 47. Bd2 Bf6 48. Be8 Bxh4 49. a6 += ) 45. Bb5 Bd4 46. a6 Kd8 
47. Bc4 Kd7 48. Be3 Bc3+ 49. Kd1 Kc7 50. Bd2 Bd4 51. Bf4+ Kc8 ( 51. ... 
Kb6 52. Be3 +-- ) ( 51. ... Kc6 52. Be3 Bc3 53. Kc1 += ) 52. Be6+ D {
Andersson chytre tlaci cerneho krale ve smeru kralovskeho kridla. } 
52. ... Kd8 53. Be3 Bf6? {Zde cerny miji lepsi obrannou moznost: } ( 
53. ... Bc3 {brani 54.Kd2 } 54. a7 Bf3+ 55. Kc1 Be1 56. Bf7 d2+ {pointa, 
cerny se vzdava volneho pesce aby vymenil co nejvice pescu je mozne. } 57.
 Bxd2 Bxf2 58. Bxh5 Be4 {s remizou } ) ( 53. ... Bxe3? 54. fxe3 Kc7 55. 
Bc4 Kb6 56. Kd2 +- ) 54. a7 +- Bxh4 ( 54. ... f4 55. Bb6+ Ke7 56. Bf5 Bb7 
57. Kd2 +-- ) 55. Bb6+ Ke7 56. Bxf5 Bf3+ 57. Kd2 Kf6 58. Bxd3 Bg5+ 59. Be3
h4 60. Bxg5+ ( 60. Bxg5+ Kxg5 61. Ke3 Bb7 62. Be4 Bxe4 63. Kxe4 +-- ) 1-0